| 000 -LEADER |
| fixed length control field |
00690nam a2200241Ia 4500 |
| 001 - CONTROL NUMBER |
| control field |
13901 |
| 003 - CONTROL NUMBER IDENTIFIER |
| control field |
GE_BSU |
| 005 - DATE AND TIME OF LATEST TRANSACTION |
| control field |
20221124142429.0 |
| 008 - FIXED-LENGTH DATA ELEMENTS--GENERAL INFORMATION |
| fixed length control field |
181216s2003||||enk|||||||||||||| ||eng|| |
| 020 ## - INTERNATIONAL STANDARD BOOK NUMBER |
| International Standard Book Number |
1903975735x |
| 040 ## - CATALOGING SOURCE |
| Transcribing agency |
GE_BSU |
| 041 ## - LANGUAGE CODE |
| Language code of text/sound track or separate title |
eng |
| 080 ## - UNIVERSAL DECIMAL CLASSIFICATION NUMBER |
| Universal Decimal Classification number |
741 F-66 |
| 100 ## - MAIN ENTRY--PERSONAL NAME |
| Personal name |
Fletcher, Adelene. |
| 9 (RLIN) |
16038 |
| 245 #4 - TITLE STATEMENT |
| Title |
The watercolourist's A to Z of trees & foliage. |
| Statement of responsibility, etc. |
Adelene Fletcher. |
| 264 ## - PRODUCTION, PUBLICATION, DISTRIBUTION, MANUFACTURE, AND COPYRIGHT NOTICE |
| Place of production, publication, distribution, manufacture |
London: |
| Name of producer, publisher, distributor, manufacturer |
Search press, |
| Date of production, publication, distribution, manufacture, or copyright notice |
2003. |
| 300 ## - PHYSICAL DESCRIPTION |
| Extent |
128p; |
| Other physical details |
29sm. |
| 300 ## - PHYSICAL DESCRIPTION |
| Other physical details |
ill. |
| 653 ## - INDEX TERM--UNCONTROLLED |
| keyword |
The watercolourist's A to Z of trees & foliage. |
| 653 ## - INDEX TERM--UNCONTROLLED |
| keyword |
აკვარელისტი |
| 653 ## - INDEX TERM--UNCONTROLLED |
| keyword |
ხეები და ფოთლები |
| 942 ## - ADDED ENTRY ELEMENTS (KOHA) |
| Koha item type |
წიგნი |
| Source of classification or shelving scheme |
|